Normal view
MARC view
- Poldo, Jenelyn M.
Entry Personal Name
001 - CONTROL NUMBER
- control field: 38799
003 - CONTROL NUMBER IDENTIFIER
- control field: OSt
005 - DATE AND TIME OF LATEST TRANSACTION
- control field: 20190523114636.0
008 - FIXED-LENGTH DATA ELEMENTS
- fixed length control field: 190523|| aca||aabn | a|a d
040 ## - CATALOGING SOURCE
- Original cataloging agency: OSt
- Transcribing agency: OSt
100 ## - HEADING--PERSONAL NAME
- Personal name: Poldo, Jenelyn M.
670 ## - SOURCE DATA FOUND
- Source citation: Work cat.: (OSt): Poldo, Jenelyn M., Teacher's social connectedness and students' academic performances among grade two student /, November 2017.
